00237nam a2200109Ia 4500008004100000020001800041082001400059100001200073245002200085260001200107500000800119260604s9999 xx 000 0 und d a9788197349430 a808.3 BLU aBLUEONE 0aBe out of the Box bBLUEONE aBox